[Event "Polanica Zdroj op"]
[Site "Polanica Zdroj"]
[Date "2001.08.18"]
[Round "3"]
[White "Czakon, Jakub"]
[Black "Heyken, Enno"]
[Result "1-0"]
[WhiteElo "2118"]
[BlackElo "2325"]
[PlyCount "57"]
[EventDate "2001.08.16"]
[EventType "swiss"]
[EventRounds "10"]
[EventCountry "POL"]
[SourceTitle "EXT 2002"]
[Source "ChessBase"]
[SourceDate "2001.11.25"]
[SourceVersion "1"]
[SourceVersionDate "2001.11.25"]
[SourceQuality "1"]

1. e4 e6 2. d4 d5 3. Nc3 Bb4 4. e5 c5 5. a3 Bxc3+ 6. bxc3 Qa5 7. Bd2 Qa4 8. Qb1 c4 9. Ne2 f6 10. f4 Nc6 11. Ng3 fxe5 12. fxe5 Nge7 13. Be2 0-0 14. Bf3 Qa5 15. Qd1 Bd7 16. 0-0 Nc8 17. Qe2 Nb6 18. Qe3 Rf7 19. Bh5 Rxf1+ 20. Rxf1 Qxa3 21. Bf7+ Kh8 22. Nh5 Qe7 23. Qg3 g6 24. Bg5 Rf8 25. Bxe7 Nxe7 26. Qh4 Ng8 27. Bxg8 Rxf1+ 28. Kxf1 gxh5 29. Bf7 1-0

[Event "Polanica Zdroj op"]
[Site "Polanica Zdroj"]
[Date "2001.08.17"]
[Round "2"]
[White "Heyken, Enno"]
[Black "Baklan, Vladimir"]
[Result "0-1"]
[WhiteElo "2325"]
[BlackElo "2599"]
[PlyCount "58"]
[EventDate "2001.08.16"]
[EventType "swiss"]
[EventRounds "10"]
[EventCountry "POL"]
[SourceTitle "EXT 2002"]
[Source "ChessBase"]
[SourceDate "2001.11.25"]
[SourceVersion "1"]
[SourceVersionDate "2001.11.25"]
[SourceQuality "1"]

1. d4 Nf6 2. Nf3 e6 3. g3 c5 4. Bg2 d5 5. 0-0 cxd4 6. Nxd4 e5 7. Nb5 a6 8. N5a3 Nc6 9. c4 Be6 10. Qa4 Qc8 11. Bg5 dxc4 12. Bxc6+ Qxc6 13. Qxc6+ bxc6 14. Bxf6 gxf6 15. Rc1 0-0-0 16. Nc3 Rd2 17. Rc2 Rxc2 18. Nxc2 Kc7 19. Ne3 f5 20. f4 Bc5 21. Kf2 f6 22. Rc1 h5 23. Kf3 h4 24. Ncd1 hxg3 25. Kxg3 exf4+ 26. Kxf4 Rxh2 27. Nxf5 Rxe2 28. Ng7 Bd5 29. Rc3 Re4+ 0-1

[Event "Hamburg-ch int"]
[Site "Hamburg"]
[Date "2001.06.09"]
[Round "8"]
[White "Ftacnik, Lubomir"]
[Black "Heyken, Enno"]
[Result "1-0"]
[WhiteElo "2618"]
[BlackElo "2332"]
[PlyCount "97"]
[EventDate "2001.06.02"]
[EventType "swiss"]
[EventRounds "9"]
[EventCountry "GER"]
[SourceTitle "CBM 082 Extra"]
[Source "ChessBase"]
[SourceDate "2001.07.03"]
[SourceVersion "1"]
[SourceVersionDate "2001.07.03"]
[SourceQuality "1"]

1. c4 e5 2. Nc3 d6 3. g3 Nc6 4. Bg2 Be6 5. d3 Qd7 6. e4 Nd4 7. Be3 g6 8. Nge2 Bg7 9. Bxd4 exd4 10. Nb5 c5 11. Qa4 Ke7 12. Qa5 Nh6 13. Nf4 Rhe8 14. Nc7 b6 15. Nfd5+ Bxd5 16. Nxd5+ Kf8 17. Qb5 Qxb5 18. cxb5 Rab8 19. Bh3 Ng8 20. Bd7 Red8 21. Bc6 Ne7 22. Nxe7 Kxe7 23. a4 Rdc8 24. Bd5 Rc7 25. Ke2 Bf6 26. a5 Kf8 27. b3 Bd8 28. axb6 axb6 29. h4 h5 30. f4 Kg7 31. Kf3 Re7 32. Rh2 Bc7 33. Ra7 f5 34. exf5 Rbe8 35. fxg6 Kxg6 36. Be4+ Kf6 37. Rha2 Rd8 38. Bd5 Re3+ 39. Kf2 Rd7 40. Re2 Rde7 41. Bf3 d5 42. Rd2 Rg7 43. Bxd5 Kf5 44. Bf3 Re8 45. Re2 Reg8 46. Bd5 Rd8 47. Be6+ Kf6 48. Bh3 Rd6 49. Re8 1-0

[Event "Hamburg-ch int"]
[Site "Hamburg"]
[Date "2001.06.07"]
[Round "6"]
[White "Heyken, Enno"]
[Black "Buhr, Carl Christian"]
[Result "1-0"]
[WhiteElo "2332"]
[BlackElo "2392"]
[PlyCount "160"]
[EventDate "2001.06.02"]
[EventType "swiss"]
[EventRounds "9"]
[EventCountry "GER"]
[SourceTitle "CBM 082 Extra"]
[Source "ChessBase"]
[SourceDate "2001.07.03"]
[SourceVersion "1"]
[SourceVersionDate "2001.07.03"]
[SourceQuality "1"]

1. d4 d6 2. e4 Nf6 3. Nc3 g6 4. f3 Bg7 5. Be3 0-0 6. Qd2 c6 7. Bh6 e5 8. Nge2 b5 9. 0-0-0 Nbd7 10. h4 b4 11. Nb1 Bxh6 12. Qxh6 Kh8 13. h5 Ng8 14. Qd2 a5 15. dxe5 dxe5 16. hxg6 fxg6 17. Ng1 Qf6 18. Nh3 Nb6 19. Qe3 Bxh3 20. Qxb6 Be6 21. Nd2 Rad8 22. Bc4 Rd4 23. Bxe6 Qxe6 24. Qxa5 Rfd8 25. Nb3 Rxd1+ 26. Rxd1 Rxd1+ 27. Kxd1 Qe7 28. Qc5 Qg5 29. Nd2 h5 30. Nc4 Qxg2 31. Qxe5+ Kh7 32. Qc7+ Kh6 33. Qf4+ Kg7 34. Qe5+ Kh7 35. Qc7+ Kh6 36. Qf4+ Kg7 37. Ne3 Qf2 38. Qe5+ Nf6 39. Qe7+ Kh6 40. Qxf6 Qxe3 41. f4 Kh7 42. f5 gxf5 43. Qf7+ Kh6 44. Qf8+ Kh7 45. Qxf5+ Kh6 46. Qf8+ Kh7 47. Qf5+ Kh6 48. e5 h4 49. Qf6+ Kh5 50. Qf5+ Kh6 51. Qf8+ Kh5 52. Qf7+ Kg5 53. Qf6+ Kg4 54. e6 h3 55. e7 h2 56. Qg6+ Kh3 57. Qh7+ Kg2 58. Qg8+ Kh3 59. Qh8+ Kg2 60. e8Q Qxe8 61. Qxe8 h1Q+ 62. Qe1 Qh3 63. Qe4+ Kf2 64. Qf4+ Kg2 65. Qg5+ Kf2 66. Qf6+ Ke3 67. Qe7+ Kf2 68. Qf8+ Kg2 69. Qg8+ Kf2 70. Qf7+ Kg2 71. Qg6+ Kf2 72. Qf6+ Ke3 73. Qe5+ Kf3 74. Qe2+ Kf4 75. Qc4+ Ke5 76. Qc5+ Ke4 77. Qxc6+ Kd4 78. Qd6+ Ke4 79. Qxb4+ Kf5 80. Qc5+ Kf6 1-0

[Event "Hamburg-ch int"]
[Site "Hamburg"]
[Date "2001.06.04"]
[Round "3"]
[White "Farago, Ivan"]
[Black "Heyken, Enno"]
[Result "1-0"]
[WhiteElo "2485"]
[BlackElo "2332"]
[PlyCount "69"]
[EventDate "2001.06.02"]
[EventType "swiss"]
[EventRounds "9"]
[EventCountry "GER"]
[SourceTitle "CBM 082 Extra"]
[Source "ChessBase"]
[SourceDate "2001.07.03"]
[SourceVersion "1"]
[SourceVersionDate "2001.07.03"]
[SourceQuality "1"]

1. d4 Nf6 2. c4 e6 3. Nc3 Bb4 4. e3 0-0 5. Bd3 d5 6. Nf3 Nc6 7. 0-0 a6 8. h3 h6 9. a3 dxc4 10. Bxc4 Bd6 11. e4 e5 12. Be3 b5 13. Ba2 exd4 14. Bxd4 Nxd4 15. Qxd4 c5 16. Qe3 b4 17. e5 bxc3 18. Rad1 Qe7 19. Qxc3 Bxe5 20. Nxe5 Ne4 21. Nc6 Qc7 22. Qe5 Qxe5 23. Nxe5 Be6 24. Bxe6 fxe6 25. Rfe1 Nf6 26. Nc4 Rfe8 27. Rd6 Kf7 28. Rc6 Re7 29. Rxc5 Nd5 30. Rc6 a5 31. b3 Kf6 32. g3 g5 33. Kg2 h5 34. Re5 Rb8 35. Rxd5 1-0